000 00319 a2200109 4500
001 ART_42171
005 20260410161806.0
008 260409a
245 1 0 _aFinanciación concursal
100 1 _aTruffat, Edgardo Daniel
773 0 _tDoctrina Societaria y Concursal
_g- Nº 300 (nov. 2012)
_wREV4298
999 _c21015
_d21015